| 000 | 00450pam a2200169 a 4500 | ||
|---|---|---|---|
| 020 |
_a8180614670 _c225.00 |
||
| 041 |
_aeng _hNULL |
||
| 082 |
_a617 _bKOC |
||
| 100 | _aKOCHAR, S . | ||
| 245 |
_aCLINICS & GRAND ROUNDS IN SURGERY / _cNULL. _hTextual Documents |
||
| 260 |
_aNULL : _bJAYPEE BROTHERS MEDICAL PUB. , _c2005. |
||
| 300 |
_a331 : _bx ; _cNULL . |
||
| 365 | _a225.00 | ||
| 930 | _a1307 | ||
| 999 |
_c795843 _d795843 |
||
| 650 | _aSURGERY | ||